00601nam a22001577a 450000500170000000800410001702000170005804100130007508200140008810000510010224501640015325000190031726000510033630000310038765000250041820231117133158.0231117b |||||||| |||| 00| 0 eng d a070210972 X  aEnglish  a343.4 SIL aSilke, AS ; Divaris, C and Stein ML lEnglish  aSilke on South African Income Tax : bBeing an Exposition of the Law, Practice and Incidence of Income Tax in South Africa /cAS Silke, C Divaris and ML Stein  aNinth Edition  aCape Town : bJuta and Company Limited, c1978 bxl, 1528 pages ; c26 cm.  aLegal practice bLaw